[Event "Benidorm 2011 - 10. Torneo sub-2000"]
[Site "Benidorm ESP"]
[Date "2011.12.04"]
[Round "3.20"]
[White "Navarro Martinez, Daniel"]
[Black "Olmos Rosa, Fernando"]
[Result "1-0"]
[WhiteElo "1910"]
[BlackElo "1818"]
[PlyCount "67"]
[EventDate "2011.12.02"]
[EventType "swiss"]
[EventRounds "10"]
[EventCountry "ESP"]
[Source "lmi"]
[SourceDate "2011.12.02"]

1. e4 e6 2. d4 d5 3. e5 c5 4. c3 Nc6 5. Nf3 Qb6 6. a3 c4 7. Nbd2 Na5 8. g3 Bd7
9. h4 a6 10. Bg2 Ne7 11. Nf1 O-O-O 12. Ne3 f6 13. exf6 gxf6 14. h5 Nb3 15. Rb1
Ba4 16. Nd2 Nxd2 17. Qxd2 Kb8 18. Ng4 Nf5 19. Nxf6 Be7 20. Ng4 Bg5 21. Qe2 Bxc1
22. Rxc1 e5 23. Qxe5+ Nd6 24. O-O Rhe8 25. Qxd5 Ne4 26. Qf7 Nd6 27. Qf4 Rf8 28.
Qd2 Rf5 29. Qh6 Rdf8 30. Rce1 Be8 31. Re6 Kc7 32. Nf6 Bd7 33. Nxd7 Kxd7 34. Bh3
1-0

[Event "Benidorm 2011 - 10. Torneo sub-2000"]
[Site "Benidorm ESP"]
[Date "2011.12.04"]
[Round "3.24"]
[White "Alfven, Jorgen"]
[Black "Chaikhiev Chaikhieva, Miguel A"]
[Result "0-1"]
[WhiteElo "1896"]
[BlackElo "1663"]
[PlyCount "70"]
[EventDate "2011.12.02"]
[EventType "swiss"]
[EventRounds "10"]
[EventCountry "ESP"]
[Source "lmi"]
[SourceDate "2011.12.02"]

1. d4 Nf6 2. c4 e6 3. Nf3 Bb4+ 4. Nc3 c5 5. a3 Bxc3+ 6. bxc3 b6 7. g3 Bb7 8.
Bg2 O-O 9. O-O d5 10. cxd5 exd5 11. Bg5 Nbd7 12. Ne5 Qc7 13. Nxd7 Nxd7 14. Bf4
Qc8 15. Re1 Nf6 16. Rc1 Qd7 17. c4 dxc4 18. Bxb7 Qxb7 19. dxc5 b5 20. a4 Rfd8
21. Qc2 a6 22. e4 Nd7 23. Bd6 Qc6 24. e5 Nxc5 25. Bxc5 Qxc5 26. Qe4 Qd5 27. Qg4
Qe6 28. Qe4 g6 29. Red1 Rac8 30. Qb7 Rxd1+ 31. Rxd1 bxa4 32. Rd6 Qe8 33. Rxa6
c3 34. Qb1 c2 35. Qc1 Qb5 0-1

[Event "Benidorm 2011 - 10. Torneo sub-2000"]
[Site "Benidorm ESP"]
[Date "2011.12.05"]
[Round "4.1"]
[White "Sanz Rodero, Mikel"]
[Black "Rubio Mancebon, Pedro Jose"]
[Result "1/2-1/2"]
[WhiteElo "1994"]
[BlackElo "2024"]
[PlyCount "71"]
[EventDate "2011.12.02"]
[EventType "swiss"]
[EventRounds "10"]
[EventCountry "ESP"]
[Source "lmi"]
[SourceDate "2011.12.02"]

1. e4 c6 2. d4 d5 3. Nc3 dxe4 4. Nxe4 Bf5 5. Ng3 Bg6 6. h4 h6 7. Nf3 Nd7 8. h5
Bh7 9. Bd3 Bxd3 10. Qxd3 e6 11. Bf4 Qa5+ 12. Bd2 Qc7 13. Qe2 Ngf6 14. Ne5 Nb6
15. Ba5 O-O-O 16. O-O-O c5 17. Rh4 Rd5 18. Bxb6 axb6 19. c4 Rxd4 20. Rhxd4 cxd4
21. Rxd4 Bc5 22. Rd1 Rd8 23. Rxd8+ Kxd8 24. b3 Ke8 25. Nd3 Be7 26. Ne4 Qc6 27.
Nxf6+ Bxf6 28. f3 Qd6 29. Qe4 Qh2 30. Qxb7 Qg1+ 31. Kd2 Qxg2+ 32. Ke3 Qg1+ 33.
Ke2 Qg2+ 34. Ke3 Qg1+ 35. Ke2 Qg2+ 36. Ke3 1/2-1/2

[Event "Benidorm 2011 - 10. Torneo sub-2000"]
[Site "Benidorm ESP"]
[Date "2011.12.05"]
[Round "4.2"]
[White "Bouzidi, Mohamed"]
[Black "Bru Rullo, Llatzer"]
[Result "0-1"]
[WhiteElo "1889"]
[BlackElo "1985"]
[PlyCount "92"]
[EventDate "2011.12.02"]
[EventType "swiss"]
[EventRounds "10"]
[EventCountry "ESP"]
[Source "lmi"]
[SourceDate "2011.12.02"]

1. d4 d5 2. c4 c6 3. Nf3 dxc4 4. a4 e6 5. e3 b5 6. axb5 cxb5 7. Ne5 Bb7 8. b3
Bb4+ 9. Bd2 Bxd2+ 10. Nxd2 Nc6 11. Ndf3 a5 12. bxc4 b4 13. Qa4 Nge7 14. d5 exd5
15. cxd5 Qxd5 16. Bc4 Qe4 17. Nxf7 Rd8 18. Nxd8 Kxd8 19. Rd1+ Kc7 20. Bb5 Qg4
21. O-O Ne5 22. Qxa5+ Kb8 23. Be2 Nxf3+ 24. Bxf3 Bxf3 25. Qe5+ Kc8 26. Rc1+ Nc6
27. Qg3 Qxg3 28. fxg3 Be4 29. Rf4 Re8 30. Rxe4 Rxe4 31. Rxc6+ Kb7 32. Rc2 Kb6
33. Kf2 Kb5 34. Ke2 Rc4 35. Kd3 Rxc2 36. Kxc2 Kc4 37. e4 Kd4 38. e5 Kxe5 39.
Kb3 Kd4 40. Kxb4 Ke3 41. Kc4 Kf2 42. Kd4 Kxg2 43. Ke4 Kxh2 44. g4 Kh3 45. Kf4
Kh4 46. g5 g6 0-1

[Event "Benidorm 2011 - 10. Torneo sub-2000"]
[Site "Benidorm ESP"]
[Date "2011.12.05"]
[Round "4.3"]
[White "Serrano Martinez, Francisco Jose"]
[Black "Elmas, Mustafa"]
[Result "0-1"]
[WhiteElo "1980"]
[BlackElo "1887"]
[PlyCount "76"]
[EventDate "2011.12.02"]
[EventType "swiss"]
[EventRounds "10"]
[EventCountry "ESP"]
[Source "lmi"]
[SourceDate "2011.12.02"]

1. e4 c5 2. d4 cxd4 3. c3 dxc3 4. Nxc3 e6 5. Nf3 Bb4 6. Qd4 Bxc3+ 7. Qxc3 Nf6
8. Bg5 h6 9. Bh4 Nc6 10. Bc4 Qa5 11. Bxf6 gxf6 12. Rc1 Rg8 13. O-O Qxc3 14.
Rxc3 b6 15. Rfc1 Bb7 16. Nd2 Ke7 17. f3 Rg5 18. Bf1 Rag8 19. Nc4 Ba6 20. Ne3
Bxf1 21. Kxf1 Ra5 22. a3 Rb5 23. b4 a5 24. bxa5 bxa5 25. f4 Rb2 26. Rd1 Rgb8
27. Rcd3 R8b7 28. Nc4 R2b3 29. Rd6 Rc3 30. Nd2 Rxa3 31. Nf3 Re3 32. Nd4 Rxe4
33. Nxc6+ dxc6 34. Rxc6 Rxf4+ 35. Kg1 Ra7 36. Rc8 a4 37. Rdd8 f5 38. Rh8 a3 0-1

[Event "Benidorm 2011 - 10. Torneo sub-2000"]
[Site "Benidorm ESP"]
[Date "2011.12.05"]
[Round "4.4"]
[White "Bas Mas, Miguel"]
[Black "Tonus, Alex"]
[Result "0-1"]
[WhiteElo "1869"]
[BlackElo "1965"]
[PlyCount "84"]
[EventDate "2011.12.02"]
[EventType "swiss"]
[EventRounds "10"]
[EventCountry "ESP"]
[Source "lmi"]
[SourceDate "2011.12.02"]

1. e4 Nf6 2. e5 Nd5 3. d4 d6 4. c4 Nb6 5. exd6 cxd6 6. Nc3 g6 7. Be3 Bg7 8. Rc1
O-O 9. b3 Nc6 10. Nf3 Bg4 11. Be2 d5 12. c5 Nc8 13. h3 Bxf3 14. Bxf3 e6 15. O-O
N8e7 16. Qd2 Nf5 17. Ne2 Nxe3 18. fxe3 Bh6 19. Nf4 a5 20. Be2 Ne7 21. a3 Nf5
22. Bd3 Qd7 23. g4 Ne7 24. Qg2 Nc6 25. g5 Bg7 26. Bb5 Qc7 27. h4 Ne7 28. Bd3
Rad8 29. Qf2 e5 30. dxe5 Qxe5 31. Rfe1 Nc6 32. Kh1 Qb2 33. Qf3 Ne5 34. Qe2 Qxa3
35. Bc2 Qb4 36. Red1 Rfe8 37. Rd4 Qxc5 38. Rcd1 Nc6 39. Rxd5 Rxd5 40. Rxd5 Qxe3
41. Qxe3 Rxe3 42. Rb5 Nd4 0-1

[Event "Benidorm 2011 - 10. Torneo sub-2000"]
[Site "Benidorm ESP"]
[Date "2011.12.05"]
[Round "4.5"]
[White "Perez Garcia, Juan Angel"]
[Black "Diez Jover, Alberto"]
[Result "1/2-1/2"]
[WhiteElo "1959"]
[BlackElo "1866"]
[PlyCount "106"]
[EventDate "2011.12.02"]
[EventType "swiss"]
[EventRounds "10"]
[EventCountry "ESP"]
[Source "lmi"]
[SourceDate "2011.12.02"]

1. e4 c5 2. Nf3 Nc6 3. Bb5 Nd4 4. Nxd4 cxd4 5. O-O a6 6. Bc4 d6 7. d3 Nf6 8.
Bb3 g6 9. f4 Bg7 10. e5 dxe5 11. fxe5 Nd5 12. Qf3 Be6 13. Qe4 Nc7 14. Qxb7 O-O
15. Qe4 Bf5 16. Qe2 Nd5 17. Na3 a5 18. Bc4 Rb8 19. Kh1 Nb6 20. e6 Nxc4 21.
exf7+ Rxf7 22. Nxc4 Bg4 23. Qe1 Rxf1+ 24. Qxf1 Qd5 25. Bd2 Rf8 26. Qe1 Qf7 27.
Bxa5 h5 28. Kg1 e5 29. Bb4 Rb8 30. a3 Qe6 31. Qg3 Re8 32. Re1 Bh6 33. Bd2 Bg7
34. h3 Bf5 35. b3 Bf6 36. Bg5 Bg7 37. Qf3 e4 38. dxe4 Bxe4 39. Qe2 Qd5 40. h4
Re6 41. Nd2 Bf5 42. Qf1 Bxc2 43. Rxe6 Qxe6 44. Qc4 Qxc4 45. bxc4 Kf7 46. Kf2
Bf8 47. Nf3 Bc5 48. Ke2 d3+ 49. Kd2 Bxa3 50. Ne5+ Ke6 51. Nxd3 Ba4 52. Kc3 Bc6
53. Kd4 Bd6 1/2-1/2

[Event "Benidorm 2011 - 10. Torneo sub-2000"]
[Site "Benidorm ESP"]
[Date "2011.12.05"]
[Round "4.6"]
[White "Perez Pardo, Sergio Ivan"]
[Black "Navarro Martinez, Daniel"]
[Result "1/2-1/2"]
[WhiteElo "1699"]
[BlackElo "1910"]
[PlyCount "82"]
[EventDate "2011.12.02"]
[EventType "swiss"]
[EventRounds "10"]
[EventCountry "ESP"]
[Source "lmi"]
[SourceDate "2011.12.02"]

1. e4 e5 2. Nf3 Nc6 3. Bb5 a6 4. Bxc6 dxc6 5. Nc3 f6 6. d3 Bg4 7. h3 Bh5 8. Be3
Qd7 9. Qe2 O-O-O 10. Nxe5 Qe8 11. Nf3 Bb4 12. g4 Bf7 13. Nd2 Ne7 14. f4 Ng6 15.
h4 Nf8 16. Qf2 Nd7 17. Ne2 Rf8 18. a3 Bd6 19. Nf3 c5 20. Ng3 g6 21. b3 Bg8 22.
h5 g5 23. fxg5 fxg5 24. Bxg5 Rxf3 25. Qxf3 Qe5 26. Bxd8 Qxa1+ 27. Kd2 Qb2 28.
Bh4 Bxb3 29. Rc1 c4 30. dxc4 Bxa3 31. Ne2 Bxc4 32. Bg5 Ne5 33. Qf6 Qb4+ 34. Nc3
Bxc1+ 35. Kxc1 Qa3+ 36. Kd2 Qd6+ 37. Qxd6 cxd6 38. Bf4 Nxg4 39. Bxd6 Nf6 40. h6
Kd7 41. Bf8 Ke6 1/2-1/2

[Event "Benidorm 2011 - 10. Torneo sub-2000"]
[Site "Benidorm ESP"]
[Date "2011.12.05"]
[Round "4.7"]
[White "Marcos Herrero, Francisco"]
[Black "Amat Cerda, Andres"]
[Result "1-0"]
[WhiteElo "1901"]
[BlackElo "1732"]
[PlyCount "55"]
[EventDate "2011.12.02"]
[EventType "swiss"]
[EventRounds "10"]
[EventCountry "ESP"]
[Source "lmi"]
[SourceDate "2011.12.02"]

1. d4 d5 2. c4 e5 3. dxe5 d4 4. Nf3 Nc6 5. a3 Bg4 6. Nbd2 Qe7 7. h3 Bh5 8. g3
O-O-O 9. Bg2 d3 10. e3 Nxe5 11. Qa4 Bxf3 12. Bxf3 Nxf3+ 13. Nxf3 Qe4 14. Qd1 h5
15. Rg1 Qxc4 16. Bd2 Qe4 17. Bc3 Ne7 18. Nd2 Qe6 19. Qa4 Nc6 20. h4 Bc5 21.
O-O-O Qa2 22. Nb3 Rhe8 23. Nxc5 d2+ 24. Kc2 Qd5 25. b4 Qa2+ 26. Bb2 Nd4+ 27.
exd4 Re1 28. Qb3 1-0

[Event "Benidorm 2011 - 10. Torneo sub-2000"]
[Site "Benidorm ESP"]
[Date "2011.12.05"]
[Round "4.9"]
[White "Chaikhiev Chaikhieva, Miguel A"]
[Black "Galle, Andre"]
[Result "1-0"]
[WhiteElo "1663"]
[BlackElo "1988"]
[PlyCount "77"]
[EventDate "2011.12.02"]
[EventType "swiss"]
[EventRounds "10"]
[EventCountry "ESP"]
[Source "lmi"]
[SourceDate "2011.12.02"]

1. d4 Nf6 2. c4 e6 3. Nc3 Bb4 4. Qc2 c5 5. e3 Nc6 6. Nf3 d5 7. a3 Bxc3+ 8. bxc3
O-O 9. Bd3 dxc4 10. Bxc4 Qc7 11. O-O e5 12. Bd3 Re8 13. Ng5 h6 14. Ne4 Nxe4 15.
Bxe4 Bd7 16. d5 Ne7 17. c4 Nc8 18. Bd3 Nd6 19. e4 b5 20. f4 bxc4 21. Bxc4 Nxc4
22. Qxc4 Rab8 23. Rf2 Bb5 24. Qc3 Rbc8 25. Bb2 f6 26. fxe5 Rxe5 27. Qb3 Bd7 28.
d6+ c4 29. dxc7 cxb3 30. Bxe5 fxe5 31. Rc1 a5 32. Rd2 Be6 33. Rd8+ Kf7 34. Rxc8
Bxc8 35. Kf2 Ke7 36. a4 Kd7 37. Rb1 Kxc7 38. Rxb3 Bb7 39. Ke3 1-0

[Event "Benidorm 2011 - 10. Torneo sub-2000"]
[Site "Benidorm ESP"]
[Date "2011.12.05"]
[Round "4.10"]
[White "Garcia Perez, Javier"]
[Black "Fernandez Aguilar, Francisco"]
[Result "1/2-1/2"]
[WhiteElo "1997"]
[BlackElo "1917"]
[PlyCount "61"]
[EventDate "2011.12.02"]
[EventType "swiss"]
[EventRounds "10"]
[EventCountry "ESP"]
[Source "lmi"]
[SourceDate "2011.12.02"]

1. e4 c5 2. Nc3 e6 3. g3 d5 4. exd5 exd5 5. d4 Nf6 6. Bg5 Be7 7. Bg2 O-O 8. Nf3
Nc6 9. O-O h6 10. Be3 Ng4 11. Ne2 cxd4 12. Bxd4 Nxd4 13. Nexd4 Bf6 14. Qd2 Qb6
15. c3 Bd7 16. h3 Bxd4 17. Qxd4 Nf6 18. Qxb6 axb6 19. a3 Ne4 20. Ne5 Bc6 21.
Nxc6 bxc6 22. Bxe4 dxe4 23. Rfd1 Rfd8 24. Kf1 f5 25. Ke2 Kf7 26. Rxd8 Rxd8 27.
Rd1 Rxd1 28. Kxd1 Ke6 29. a4 c5 30. b3 g5 31. Ke2 1/2-1/2

[Event "Benidorm 2011 - 10. Torneo sub-2000"]
[Site "Benidorm ESP"]
[Date "2011.12.05"]
[Round "4.11"]
[White "Garcia Martin, Juan Manuel"]
[Black "Moya Mallafre, Erik"]
[Result "0-1"]
[WhiteElo "1913"]
[BlackElo "1989"]
[PlyCount "90"]
[EventDate "2011.12.02"]
[EventType "swiss"]
[EventRounds "10"]
[EventCountry "ESP"]
[Source "lmi"]
[SourceDate "2011.12.02"]

1. d4 d5 2. Bf4 c5 3. dxc5 Nc6 4. Nf3 Bg4 5. Ne5 Nxe5 6. Bxe5 f6 7. Bc3 e5 8.
h3 Bh5 9. Qd2 Bxc5 10. e3 Ne7 11. Bb5+ Nc6 12. Bxc6+ bxc6 13. Bb4 Bxb4 14. Qxb4
Rb8 15. Qa3 Qb6 16. O-O Kf7 17. b3 d4 18. Re1 Rhd8 19. Qc1 Qc5 20. exd4 Rxd4
21. Na3 Rbd8 22. Nc4 Qd5 23. Ne3 Qe6 24. Qa3 R8d7 25. g4 Bg6 26. Rad1 Be4 27.
Qc5 Kg6 28. Rxd4 Rxd4 29. f4 Kh6 30. fxe5 fxe5 31. Rf1 Rd2 32. Nf5+ Kg6 33.
Nh4+ Kg5 34. Qe3+ Kxh4 35. Qxd2 Qd5 36. Qxd5 cxd5 37. Re1 Kxh3 38. Rxe4 dxe4
39. b4 Kxg4 40. a4 Kf5 41. a5 Ke6 42. b5 Kd6 43. c4 h5 44. a6 Kc7 45. c5 g5 0-1

[Event "Benidorm 2011 - 10. Torneo sub-2000"]
[Site "Benidorm ESP"]
[Date "2011.12.05"]
[Round "4.12"]
[White "Amoros Moran, Jose Joaquin"]
[Black "Lopez Heras, Arturo"]
[Result "0-1"]
[WhiteElo "1984"]
[BlackElo "1904"]
[PlyCount "32"]
[EventDate "2011.12.02"]
[EventType "swiss"]
[EventRounds "10"]
[EventCountry "ESP"]
[Source "lmi"]
[SourceDate "2011.12.02"]

1. e4 e5 2. Nf3 Nc6 3. Bb5 f5 4. Nc3 fxe4 5. Nxe4 Nf6 6. Nxf6+ Qxf6 7. O-O Bc5
8. Re1 O-O 9. Bc4+ Kh8 10. c3 d6 11. b4 Bb6 12. d3 Bg4 13. Bd5 Ne7 14. Bg5
Bxf2+ 15. Kh1 Qxg5 16. Nxg5 Bxd1 0-1

[Event "Benidorm 2011 - 10. Torneo sub-2000"]
[Site "Benidorm ESP"]
[Date "2011.12.05"]
[Round "4.13"]
[White "Ruiz De Alegria Madariaga, Carl"]
[Black "Damians Janes, Jordi"]
[Result "1-0"]
[WhiteElo "1903"]
[BlackElo "1982"]
[PlyCount "80"]
[EventDate "2011.12.02"]
[EventType "swiss"]
[EventRounds "10"]
[EventCountry "ESP"]
[Source "lmi"]
[SourceDate "2011.12.02"]

1. d4 Nf6 2. c4 e5 3. dxe5 Ng4 4. e6 fxe6 5. e4 Ne5 6. Qh5+ Ng6 7. Nf3 Bb4+ 8.
Nc3 Qf6 9. Bd2 O-O 10. a3 Bxc3 11. Bxc3 e5 12. c5 Nc6 13. Bc4+ Kh8 14. Qg5 d6
15. Qxf6 Rxf6 16. cxd6 Rxd6 17. Ng5 Nd8 18. h4 h6 19. Rd1 b5 20. Bb3 Bb7 21. f3
Rxd1+ 22. Kxd1 c5 23. Nf7+ Nxf7 24. Bxf7 Rd8+ 25. Kc2 Nf4 26. Bxe5 Nxg2 27. Rg1
Ne3+ 28. Kc1 Nc4 29. Bf4 Rd7 30. Be8 Re7 31. Bxb5 Ne5 32. Bxe5 Rxe5 33. Rg4 Bc8
34. Rf4 Bh3 35. Kd2 Re7 36. Rf8+ Kh7 37. Ra8 Bg2 38. Ke3 g5 39. hxg5 hxg5 40.
Kf2 Bh1 1-0

[Event "Benidorm 2011 - 10. Torneo sub-2000"]
[Site "Benidorm ESP"]
[Date "2011.12.05"]
[Round "4.14"]
[White "Cartagena Sanchez, Javier"]
[Black "Romero Calduch, Sergio"]
[Result "0-1"]
[WhiteElo "1982"]
[BlackElo "1889"]
[PlyCount "64"]
[EventDate "2011.12.02"]
[EventType "swiss"]
[EventRounds "10"]
[EventCountry "ESP"]
[Source "lmi"]
[SourceDate "2011.12.02"]

1. e4 e6 2. d4 d5 3. Nc3 Nf6 4. e5 Nfd7 5. f4 c5 6. Nf3 Nc6 7. g3 a6 8. Ne2 Be7
9. Bh3 O-O 10. c3 f5 11. O-O cxd4 12. Nfxd4 Nc5 13. g4 Ne4 14. gxf5 exf5 15.
Ng3 Nxd4 16. cxd4 Nxg3 17. hxg3 Qb6 18. Rf3 Bd7 19. Rb3 Qh6 20. Qf1 b5 21. Bg2
Be6 22. Bd2 Rfc8 23. Qd3 Rc4 24. a4 b4 25. a5 Qg6 26. Ra4 Rac8 27. Bxb4 Qe8 28.
Bxe7 Qxa4 29. Rb6 Rxd4 30. Qxa6 Qd1+ 31. Bf1 Qf3 32. Bh4 Rd2 0-1

[Event "Benidorm 2011 - 10. Torneo sub-2000"]
[Site "Benidorm ESP"]
[Date "2011.12.05"]
[Round "4.15"]
[White "Iglesias Garcia, Jorge"]
[Black "Campos Cayuelas, Adria"]
[Result "0-1"]
[WhiteElo "1885"]
[BlackElo "1979"]
[PlyCount "119"]
[EventDate "2011.12.02"]
[EventType "swiss"]
[EventRounds "10"]
[EventCountry "ESP"]
[Source "lmi"]
[SourceDate "2011.12.02"]

1. d4 d5 2. c4 e6 3. Nf3 Nf6 4. Nc3 Be7 5. Bf4 c6 6. e3 Nbd7 7. Be2 dxc4 8.
Bxc4 b5 9. Be2 a6 10. O-O O-O 11. a3 c5 12. dxc5 Nxc5 13. b4 Ncd7 14. Qb3 Bb7
15. Rfd1 Qb6 16. Rac1 Rac8 17. h3 Rfd8 18. Na2 Bd5 19. Qb2 Ne4 20. Rxc8 Rxc8
21. Rc1 Rxc1+ 22. Nxc1 Qc6 23. Nd3 Qc3 24. Nfe5 Nb6 25. f3 Na4 26. Qc1 Qxc1+
27. Nxc1 Nec3 28. Bd3 f6 29. Nd7 e5 30. Bg3 Bd6 31. Be1 Bc6 32. Nc5 Bxc5 33.
bxc5 e4 34. fxe4 Bxe4 35. Bxe4 Nxe4 36. c6 Kf7 37. Nd3 Ke6 38. Bb4 g5 39. Kf1
Nb6 40. Ba5 Nc4 41. Bd8 a5 42. Ke2 Kd6 43. c7 Kd7 44. Kf3 Ned2+ 45. Ke2 f5 46.
g4 fxg4 47. Nc5+ Kc8 48. hxg4 Nb1 49. Kd3 Nbxa3 50. e4 Ne5+ 51. Kd4 Nac4 52.
Kd5 a4 53. Bxg5 Kxc7 54. Bf4 Kb6 55. g5 Ng6 56. Nd7+ Ka5 57. Bc7+ Kb4 58. e5 a3
59. e6 a2 60. Ne5 0-1

[Event "Benidorm 2011 - 10. Torneo sub-2000"]
[Site "Benidorm ESP"]
[Date "2011.12.05"]
[Round "4.21"]
[White "Gonzalez Pabollet, Jesus Maria"]
[Black "Armelles Ferrer, Miguel"]
[Result "1-0"]
[WhiteElo "1950"]
[BlackElo "1837"]
[PlyCount "31"]
[EventDate "2011.12.02"]
[EventType "swiss"]
[EventRounds "10"]
[EventCountry "ESP"]
[Source "lmi"]
[SourceDate "2011.12.02"]

1. e4 c5 2. Nf3 d6 3. d4 cxd4 4. Nxd4 Nf6 5. Nc3 e6 6. Bg5 a6 7. Be2 Nc6 8. Qd2
Qc7 9. O-O-O Be7 10. f4 Nxd4 11. Qxd4 e5 12. Qf2 b5 13. fxe5 dxe5 14. Nd5 Qa7
15. Nxf6+ Kf8 16. Qh4 1-0

[Event "Benidorm 2011 - 10. Torneo sub-2000"]
[Site "Benidorm ESP"]
[Date "2011.12.05"]
[Round "4.22"]
[White "Ferrandiz Iserte, Albert"]
[Black "Salgado Gonzalez, Julio"]
[Result "1-0"]
[WhiteElo "1946"]
[BlackElo "1825"]
[PlyCount "41"]
[EventDate "2011.12.02"]
[EventType "swiss"]
[EventRounds "10"]
[EventCountry "ESP"]
[Source "lmi"]
[SourceDate "2011.12.02"]

1. e4 Nc6 2. Nf3 d5 3. exd5 Qxd5 4. Nc3 Qa5 5. Bb5 Bd7 6. O-O a6 7. Bxc6 Bxc6
8. d4 O-O-O 9. Ne5 Be8 10. Qf3 f6 11. d5 e6 12. Nc4 Qc5 13. b3 exd5 14. Ba3 Qd4
15. Rad1 Qh4 16. Bxf8 Nh6 17. Nxd5 Bd7 18. Bxg7 Ng4 19. Qg3 Qxg3 20. hxg3 Rhe8
21. Bxf6 1-0

[Event "Benidorm 2011 - 10. Torneo sub-2000"]
[Site "Benidorm ESP"]
[Date "2011.12.05"]
[Round "4.25"]
[White "Trabazos Gallego, Javier"]
[Black "Pastor Villalba, Arturo"]
[Result "1/2-1/2"]
[WhiteElo "1922"]
[BlackElo "1817"]
[PlyCount "39"]
[EventDate "2011.12.02"]
[EventType "swiss"]
[EventRounds "10"]
[EventCountry "ESP"]
[Source "lmi"]
[SourceDate "2011.12.02"]

1. Nf3 d5 2. b3 Nf6 3. Bb2 e6 4. e3 Be7 5. Be2 O-O 6. O-O c5 7. Ne5 Nc6 8. f4
Qc7 9. Qe1 Nb4 10. Qd1 Nd7 11. a3 Nc6 12. Bd3 f5 13. Nxc6 Qxc6 14. a4 b6 15.
Rf3 Bf6 16. Bxf6 Rxf6 17. Rh3 Bb7 18. Bb5 Qc7 19. Nc3 Nf8 20. Be2 1/2-1/2

[Event "Benidorm 2011 - 10. Torneo sub-2000"]
[Site "Benidorm ESP"]
[Date "2011.12.05"]
[Round "4.29"]
[White "Iglesias Fernandez, Luis"]
[Black "Fernandez Garcia, Javier"]
[Result "0-1"]
[WhiteElo "1845"]
[BlackElo "1999"]
[PlyCount "56"]
[EventDate "2011.12.02"]
[EventType "swiss"]
[EventRounds "10"]
[EventCountry "ESP"]
[Source "lmi"]
[SourceDate "2011.12.02"]

1. d4 d5 2. Bf4 Nf6 3. e3 c5 4. c3 Nc6 5. Nd2 Bf5 6. Qb3 Qb6 7. dxc5 Qxb3 8.
Nxb3 e5 9. Bg3 Ne4 10. Bb5 f6 11. Na5 a6 12. Bxc6+ bxc6 13. Nxc6 Nxc5 14. b3 a5
15. Nf3 Ra6 16. Ncxe5 fxe5 17. Bxe5 Nd3+ 18. Ke2 Nxe5 19. Nxe5 Bd6 20. Nd3 Rc6
21. Rac1 O-O 22. Rc2 Rfc8 23. Kd2 Be7 24. h3 Bg5 25. Rhc1 Be7 26. Rd1 Rg6 27.
Nf4 Bxc2 28. Nxg6 Bxg6 0-1

[Event "Benidorm 2011 - 10. Torneo sub-2000"]
[Site "Benidorm ESP"]
[Date "2011.12.05"]
[Round "4.51"]
[White "Gutierrez Galindo, Angel"]
[Black "Garcia Sanchez, Jose Manuel"]
[Result "0-1"]
[WhiteElo "1759"]
[BlackElo "1900"]
[PlyCount "61"]
[EventDate "2011.12.02"]
[EventType "swiss"]
[EventRounds "10"]
[EventCountry "ESP"]
[Source "lmi"]
[SourceDate "2011.12.02"]

1. e4 c5 2. Bc4 d6 3. Nc3 e6 4. Nf3 Nf6 5. d4 cxd4 6. Nxd4 Nc6 7. Nde2 Be7 8.
O-O a6 9. a3 O-O 10. Ng3 Qc7 11. f4 b5 12. Bd3 Bb7 13. Be3 Rad8 14. Qf3 d5 15.
e5 Ne8 16. Nce2 d4 17. Bd2 Nxe5 18. Bxh7+ Kh8 19. Qh5 Nf6 20. Qxe5 Bd6 21. Qg5
Nxh7 22. Qh5 Be7 23. Qh3 f5 24. Rac1 Rf6 25. Nh1 Rh6 26. Qb3 Bc5 27. Neg3 Bd5
28. Qd3 Nf6 29. Rfd1 Ng4 30. Nf1 Qb6 31. Re1 0-1

[Event "Benidorm 2011 - 10. Torneo sub-2000"]
[Site "Benidorm ESP"]
[Date "2011.12.05"]
[Round "4.54"]
[White "Wang Qiu, Jorge"]
[Black "Romero Haro, Florentino"]
[Result "0-1"]
[WhiteElo "1712"]
[BlackElo "1893"]
[PlyCount "42"]
[EventDate "2011.12.02"]
[EventType "swiss"]
[EventRounds "10"]
[EventCountry "ESP"]
[Source "lmi"]
[SourceDate "2011.12.02"]

1. e4 d5 2. exd5 Qxd5 3. Nc3 Qa5 4. Nf3 Nf6 5. d4 c6 6. Bd3 Bg4 7. h3 Bh5 8.
Bd2 e6 9. O-O Nbd7 10. a3 Qc7 11. Qe2 O-O-O 12. b4 Nb6 13. Be3 Nbd5 14. Nxd5
Nxd5 15. c4 Nf4 16. Qd2 Nxh3+ 17. gxh3 Bxf3 18. b5 c5 19. dxc5 Bxc5 20. Bxc5
Qxc5 21. Qc3 Qg5+ 0-1

[Event "Benidorm 2011 - 10. Torneo sub-2000"]
[Site "Benidorm ESP"]
[Date "2011.12.06"]
[Round "5.1"]
[White "Bru Rullo, Llatzer"]
[Black "Voet, Dirk"]
[Result "1-0"]
[WhiteElo "1985"]
[BlackElo "1846"]
[PlyCount "71"]
[EventDate "2011.12.02"]
[EventType "swiss"]
[EventRounds "10"]
[EventCountry "ESP"]
[Source "lmi"]
[SourceDate "2011.12.02"]

1. e4 g6 2. d4 Bg7 3. Nc3 d6 4. Be3 a6 5. a4 b6 6. Bc4 e6 7. Nge2 Bb7 8. O-O
Nd7 9. f4 Ngf6 10. Ng3 Nxe4 11. Ncxe4 d5 12. Bd3 dxe4 13. Bxe4 c6 14. c4 Nf6
15. Bf3 O-O 16. b4 Qc7 17. Rc1 Rfd8 18. Qb3 Rd7 19. Rfd1 Re8 20. d5 c5 21. d6
Qc8 22. bxc5 bxc5 23. Qb6 Bxf3 24. gxf3 Qb7 25. Qxb7 Rxb7 26. Bxc5 Nd7 27. Be3
Nb8 28. Rb1 Rd7 29. c5 Nc6 30. Rb6 Rc8 31. Rxa6 Kf8 32. Ne4 Ke8 33. Rb1 Nd4 34.
Kh1 f5 35. Bxd4 Bxd4 36. c6 1-0

[Event "Benidorm 2011 - 10. Torneo sub-2000"]
[Site "Benidorm ESP"]
[Date "2011.12.06"]
[Round "5.2"]
[White "Tonus, Alex"]
[Black "Chaikhiev Chaikhieva, Miguel A"]
[Result "0-1"]
[WhiteElo "1965"]
[BlackElo "1663"]
[PlyCount "160"]
[EventDate "2011.12.02"]
[EventType "swiss"]
[EventRounds "10"]
[EventCountry "ESP"]
[Source "lmi"]
[SourceDate "2011.12.02"]

1. e4 e5 2. Nf3 Nc6 3. Bc4 Bc5 4. c3 d6 5. d4 exd4 6. cxd4 Bb4+ 7. Nc3 Nf6 8.
O-O Bg4 9. Qd3 Bxf3 10. gxf3 h6 11. Ne2 O-O 12. Kh1 Nh5 13. Rg1 Qf6 14. Rg4 Ne7
15. f4 d5 16. exd5 Qf5 17. Qf3 Nf6 18. Rg2 Bd6 19. Ng3 Qh7 20. Bd2 g6 21. Rag1
Kh8 22. Ne4 Nxe4 23. Qxe4 Nf5 24. Qd3 Rfe8 25. Be3 Re7 26. Bb5 a6 27. Ba4 b5
28. Bc2 Rae8 29. Bd2 h5 30. Qh3 Re2 31. Bxf5 Rxd2 32. Rxg6 Rd1 33. Rxd1 fxg6
34. Be6 Bxf4 35. Qd3 Qg7 36. Rg1 g5 37. Qf3 Qh6 38. Qa3 Qf6 39. Qd3 Rf8 40. Re1
Bxh2 41. Qe2 Bf4 42. Qxh5+ Kg7 43. Qg4 Rh8+ 44. Kg1 Qxd4 45. Qf5 Rf8 46. Qc2
Be5 47. Qe2 Bd6 48. Qe3 Qh4 49. Qc3+ Rf6 50. Qe3 g4 51. Kg2 Qh2+ 52. Kf1 Bf4
53. Qe4 g3 54. Qg2 Qxg2+ 55. Kxg2 gxf2 56. Rf1 Be3 57. Bh3 c5 58. dxc6 Rxc6 59.
Kf3 Bb6 60. Rd1 Kf6 61. Bf1 Ke5 62. Rd2 Rd6 63. Re2+ Kd5 64. Rc2 Bd4 65. b3
Rf6+ 66. Ke2 Re6+ 67. Kf3 Rc6 68. Rd2 Rc3+ 69. Kg2 Kc5 70. Be2 Be3 71. Rd3 Rxd3
72. Bxd3 Kd4 73. Be2 Kc3 74. Kf3 Bc5 75. Bf1 Kb4 76. a4 Kxb3 77. axb5 a5 78.
Ke2 a4 79. Bh3 a3 80. Be6+ Kb2 0-1